| 000 | 00000cam 2200000zi 4500 |
| 001 | 9.891809 |
| 003 | CaOODSP |
| 005 | 20260630072420 |
| 006 | m o d f |
| 007 | cr ||||||||||| |
| 008 | 200925s2020 onca jo f000 0 fre d |
| 020 | |a9780660360911 |
| 040 | |aCaOODSP|bfre|erda|cCaOODSP |
| 043 | |an-cn--- |
| 086 | 1 |aA104-202/2-2020F-PDF |
| 245 | 00|aLivre d'activités du héros de la santé des végétaux : |bâge : 9-12. |
| 250 | |a[Édition 2020]. |
| 264 | 1|a[Ottawa] : |bAgence canadienne d'inspection des aliments = Canadian Food Inspection Agency, |c2020. |
| 300 | |a1 ressource en ligne (15 pages) : |billustrations en couleur |
| 336 | |atexte|btxt|2rdacontent/fre |
| 337 | |ainformatique|bc|2rdamedia/fre |
| 338 | |aressource en ligne|bcr|2rdacarrier/fre |
| 500 | |aPublié aussi en anglais sous le titre : Plant health hero activity book: ages 9-12. |
| 650 | 6|aPlantes|xSanté|zCanada|vOuvrages pour la jeunesse. |
| 655 | 7|aCahiers d'activités|2rvmgf |
| 710 | 2 |aAgence canadienne d'inspection des aliments, |eorganisme de publication. |
| 775 | 08|tPlant health hero activity book : |w(CaOODSP)9.891807 |
| 794 | |tLivre d'activités du héros de la santé des végétaux : |b[Édition révisée 2026]|w(CaOODSP)9.963909 |
| 856 | 40|qPDF|s10.11 Mo|uhttps://publications.gc.ca/collections/collection_2020/acia-cfia/A104-202-2-2020-fra.pdf |
| 986 | |aP1030-20 |